000 00597nam a2200229Ia 4500
003 OSt
005 20220926012020.0
006 a|||||r|||| 00| 0
007 ta
008 220923b |||||||| |||| 00| 0 eng d
037 _cGeneral Book
040 _aRTL
_cRTL
_beng
041 _2eng
_aeng
082 _aX:77, K4
100 _aMehta J K
_998422
245 0 _aEconomic of growth
260 _aNew York
_bAsia Publishing House
_c1964
300 _ax,217p.
_ccm.
650 _aEconomics Development
942 _hX:77, K4
_cGB
_2CC
999 _c621545
_d621545